La hacienda Latinoamericana
Wedi'i Gadw mewn:
| Prif Awdur: | |
|---|---|
| Fformat: | Texto |
| Iaith: | Spanish |
| Cyhoeddwyd: |
Quito:
Ediciones CIESE
|
| Tagiau: |
Ychwanegu Tag
Dim Tagiau, Byddwch y cyntaf i dagio'r cofnod hwn!
|
MARC
| LEADER | 00000 a a2200000 04500 | ||
|---|---|---|---|
| 001 | 15199 | ||
| 003 | cru CIDCACS/IIS | ||
| 005 | 20180528153606.0 | ||
| 008 | 180528b ||||| |||| 00| 0 spa d | ||
| 999 | |c 16506 |d 16506 | ||
| 040 | |c cru CIDCACS/IIS | ||
| 090 | |a 07.01.01 B466h | ||
| 100 | |a Bengoa, José | ||
| 245 | |a La hacienda Latinoamericana | ||
| 260 | |a Quito: |b Ediciones CIESE | ||
| 300 | |a 146 p | ||
| 942 | |2 ddc |c LI | ||
